All Brooke's Solos on Dance Moms - Statistics

General Stats
  • This quiz has been taken 103 times
  • The average score is 11 of 18
Answer Stats
Hint Answer % Correct
TDOAF The Diary Of Anne Frank
84%
PR Purple Reign
81%
BM Break Me
72%
IH I Hurt
72%
S Supermodel
72%
F Fly
70%
GOE Garden Of Eden
65%
C Careless
63%
M Metamorphosis
63%
NIMT Now Is My Time
58%
AY Arm Yourself
56%
PTP Paint The Pictures
51%
SN Starry Night
49%
BD Beautiful
47%
TAK The Animals Know
44%
W Wake
44%
WAI Who Am I
44%
C Creature
16%
No matching quizzes found
Score Distribution
Percent of People with Each Score
Percentile by Number Answered
Your Score History
You have not taken this quiz